Teammates of Cristiano Ronaldo in Madrid - Sudden Death - Statistics

General Stats
  • This quiz has been taken 315 times
  • The average score is 13 of 20
Answers on the Grid
Answers color-coded by a green-red scale on the quiz's grid according to % correct below.
Marcelo
Sergio Ramos
Gianluigi Buffon
Andrea Pirlo
Paulo Dybala
Luka Modric
Gareth Bale
Pepe
Wayne Rooney
Raphael Varane
Rio Ferdinand
Xabi Alonso
Ryan Giggs
Isco
Paul Scholes
Gonzalo Higuain
Sami Khedira
Toni Kroos
Edwin Van Der Sar
Angel Di Maria
Daniel Carvajal
Darren Fletchet
Wes Brown
Mesut Ozil
Nani
Joao Moutinho
Ricardo Carvalho
Michael Carrick
Danilo
Deco
Rodrigo Bentancur
Alex Sandro
Kaka
Federico Bernardeschi
Lassana Diarra
Matero Kovacic
Louis Saha
Ruud Van Nistelrooy
James Rodriguez
Joao Cancelo
 
Answer Stats
Answer % Correct
Pepe
78%
Sergio Ramos
78%
Gareth Bale
75%
Luka Modric
75%
Daniel Carvajal
73%
Isco
73%
Toni Kroos
71%
James Rodriguez
69%
Marcelo
68%
Angel Di Maria
67%
Raphael Varane
67%
Xabi Alonso
67%
Kaka
65%
Mesut Ozil
64%
Gonzalo Higuain
60%
Matero Kovacic
54%
Sami Khedira
54%
Danilo
47%
Ricardo Carvalho
43%
Lassana Diarra
37%
No matching quizzes found
Score Distribution
Percent of People with Each Score
Percentile by Number Answered
Your Score History
You have not taken this quiz